| 000 | 01103nas a2200349 4500 | ||
|---|---|---|---|
| 001 | BR2016000779 | ||
| 003 | BR-BrBNA | ||
| 005 | 20231205130137.0 | ||
| 007 | ta | ||
| 008 | 230509b bl.|||p| |||| 00| 00por d | ||
| 040 |
_aBR-BrBNA _bpor _cBiblioteca Nacional de Agricultura |
||
| 041 | _a(En) | ||
| 072 | _aQ01 | ||
| 100 | 1 | _aGomes, L. de O.F. | |
| 100 | 1 | _aSantiago, R. de A.C. | |
| 100 | 1 | _aCarvalho, A.V. | |
| 100 | 1 | _aCarvalho, R.N. | |
| 100 | 1 | _aOliveira, I.G. de | |
| 100 | 1 | _aBassinello, P.Z. | |
| 245 | 1 | _aApplication of extruded broken bean flour for formulation of gluten-free cake blends | |
| 650 | _aFEIJAO | ||
| 650 | _aPHASEOLUS VULGARIS | ||
| 650 | _aBOLO | ||
| 650 | _aFARINHA | ||
| 650 | _aPROPRIEDADE FISICO-QUIMICA | ||
| 650 | _aMICROBIOLOGIA DE ALIMENTO | ||
| 650 | _aANALISE COMPARATIVA | ||
| 773 | 0 |
_tFood Science and Technology (Brazil) _xISSN 1678-457X _g(Apr-Jun 2015), v. 35(2) p. 307-313 _wBR2016000779 |
|
| 856 | 4 | 0 | _uhttp://www.scielo.br/pdf/cta/v35n2/0101-2061-cta-35-2-307.pdf |
| 909 |
_a202311 _bLúcia _c55 _dLúcia Elande |
||
| 942 |
_2AGRIS _n0 _cANA |
||
| 999 |
_c248024 _d248024 |
||